000 02970nam a2200565Ia 4500
001 573
008 241029s9999 xx 000 0 und d
010 _a522
041 _aEspañol
082 _aTPG MCE-19 2005
245 0 _aEstrategia de enseñanza-aprendizaje dirigidas al desarrollo de competencias comunicativas orales en el profesional del Derecho en Formación.
260 _aDistrito Nacional
300 _a75
520 _a18
630 _aAlumnado
630 _aComunicación
630 _aDiagnóstico
630 _aEnseñanza-Aprendizaje
630 _aProceso de Enseñanza-Aprendizaje
650 _aTécnicas de enseñanza
690 _aCopiado sin cambios
700 _easesor
_aColunga , Santos Silvia
700 _eautor
_aDominguez , Mirian Nelsi
901 _a{"1":"Dominguez "}
_b{"1":"Mirian Nelsi "}
902 _a1
903 _a{"1":"Colunga "}
_b{"1":"Santos Silvia"}
904 _aMaestría en
905 _aCiencias de la Educación
906 _a2
907 _aNO APLICA
908 _aNO APLICA
909 _aUniversidad Acción Pro Educación y Cultura (UNAPEC)
910 _aNULL
_bNULL
911 _a["1"]
912 _aUniversidad de Camagüey (UC), Cuba
913 _aNULL
914 _a09 de Mayo de 2005
915 _a20/12/19 11:12
916 _aNULL
917 _aNULL
918 _aNO APLICA
919 _a["244","230","217","89","163"]
520 _aLa investigación versa sobre estrategias de enseñanza-aprendizaje dirigidas al desarrollo de competencias comunicativas orales en el profesional del derecho en formación en la Universidad Acción Pro Educación y Cultura (UNAPEC). Sobre la base de lo antes planteado, es posible reconocer como problema de investigación: las insuficiencias en el desarrollo de dichas competencias en estudiantes de la carrera de Derecho de esta Institución, problemática que repercute en el desempeño profesional del jurista. El objetivo del trabajo consiste en la propuesta de estrategias de enseñanza-aprendizaje, dirigidas a promover el desarrollo de competencias comunicativas orales (verbales y paraverbales) en los futuros juristas de UNAPEC. Los métodos teóricos utilizados son el análisis y la síntesis, el método histórico-lógico, la modelación y el método sistémico. Además, se emplearon métodos y técnicas empíricos, como la observación, entrevistas y cuestionarios aplicados a docentes y estudiantes. Y en relación a los estadísticos, se utilizaron tablas de distribución de frecuencias y gráficas. El diagnóstico de la situación actual en el desarrollo de las competencias comunicativas del alumnado, corroboró el bajo nivel de desarrollo que estas presentan en los estudiantes muestreados. En el diagnóstico estuvieron involucrados alumnos de la carrera, docentes y especialistas.
921 _a16
922 _a16
923 _a0
924 _aNO APLICA
942 _cTesis
999 _c522
_d522